000
00152nam a22000857a 4500
082
_a
823
100
_a
SUGANTHI
245
_a
MORE MORAL STORIES
942
_c
BK
999
_c
8428
_d
8428